| 000 | 00959cam a22002531i 4500 | ||
|---|---|---|---|
| 003 | SA-RiAUC | ||
| 005 | 20250828034355.0 | ||
| 008 | 250815s1994 mr g b i000 0 ara c | ||
| 040 |
_aAE-AiULD _bara _cSA-RiAUC _erda |
||
| 082 | 0 | 4 |
_a189.19 _qSA-RiAUC |
| 090 |
_a189.19 _bع ب د |
||
| 100 | 1 |
_aعبد الرحمن، طه، _d1944- _eمؤلف. |
|
| 245 | 1 | 0 |
_aتجديد المنهج في تقويم التراث / _cطه عبد الرحمن. |
| 250 | _aالطبعة الأولى. | ||
| 264 | 1 |
_aالدار البيضاء، المغرب : _bالمركز الثقافي العربي، _c1994. |
|
| 300 |
_a432 صفحة ؛ _c24 سم |
||
| 336 |
_aنص _btxt _2rdacontent _3كتاب |
||
| 337 |
_aبدون وسيط _bn _2rdamedia |
||
| 338 |
_aمجلد _bnc _2rdacarrier |
||
| 504 | _aببليوجرافية : صفحة 425-432. | ||
| 650 | 7 |
_aالفلسفة الإسلامية _2aucsh |
|
| 942 |
_2ddc _cBOOK _n0 |
||
| 949 |
_aSA-JeALM _d250815 _umohamedma123 _n1 |
||
| 999 |
_c11199 _d11199 |
||